| 000 | 00392nam a2200145Ia 4500 | ||
|---|---|---|---|
| 008 | 230917s9999||||xx |||||||||||||| ||und|| | ||
| 040 |
_e70571 _aMAIN |
||
| 041 | _aEnglish | ||
| 082 | _a331.10942 M365N | ||
| 100 | _aMartin, Roderick | ||
| 245 | 0 | _aNew technology and industrial relations in fleet streat | |
| 260 |
_aOxford _bClarendon Press _c1981 |
||
| 300 | _axii, 364 p. | ||
| 942 | _cBK | ||
| 999 |
_c230948 _d230948 |
||